Educational psychology for teachers
Salvato in:
| Altri autori: | |
|---|---|
| Natura: | Libro |
| Pubblicazione: |
Dar es Salaam :
Dar es Salaam University Press,
c2006
|
| Soggetti: | |
| Tags: |
Aggiungi Tag
Nessun Tag, puoi essere il primo ad aggiungerne!!
|
MARC
| LEADER | 00000nam a2200000 4500 | ||
|---|---|---|---|
| 020 | |a 9789976604491 |c TZS 10,000/= | ||
| 040 | |a MUL |b eng. |e AACR | ||
| 082 | |a 370.150711 EDU | ||
| 245 | |a Educational psychology for teachers |c / edited by Issa M. Omari | ||
| 260 | |a Dar es Salaam : |b Dar es Salaam University Press, |c c2006 | ||
| 300 | |a xv, 362 p. : |b ill. ; |c 26 cm. | ||
| 504 | |a Include references | ||
| 546 | |a eng. | ||
| 650 | |a Human development and learning | ||
| 650 | |a Cognitive theory of learning | ||
| 700 | |a Omari, Issa M. | ||
| 942 | |c BK | ||
| 999 | |c 2473 |d 2473 | ||